Systém ochrany bezpečnosti produktov v rámci Európskej únie

Ochrane bezpečnosti produktov sa v rámci EÚ venuje čoraz viac pozornosti. Informačné bezpečnostné systémy členských krajín EÚ - systém RASFF - Rýchly výstražný systém pre potraviny a krmivá, systém RAPEX - Rýchly informačný systém Spoločenstva. Monitorovanie trhu nebezpečných výrobkov.

Enregistré dans:
Détails bibliographiques
Auteur principal: Lacková, Alica
Format: Chapitre de livre
Langue:slovaque
Sujets:
Tags: Ajouter un tag
Pas de tags, Soyez le premier à ajouter un tag!

MARC

LEADER 00000naa$a2200000$$$4500
001 0103771
005 20240523124149.4
041 0 |a slo 
044 |a SK 
245 1 0 |a Systém ochrany bezpečnosti produktov v rámci Európskej únie  |c Alica Lacková 
520 |a Ochrane bezpečnosti produktov sa v rámci EÚ venuje čoraz viac pozornosti. Informačné bezpečnostné systémy členských krajín EÚ - systém RASFF - Rýchly výstražný systém pre potraviny a krmivá, systém RAPEX - Rýchly informačný systém Spoločenstva. Monitorovanie trhu nebezpečných výrobkov. 
610 2 0 |a bezpečnosť potravinová 
610 2 0 |a bezpečnosť výrobkov 
610 2 0 |a systémy informačné 
610 2 0 |a Európska únia 
100 1 |a Lacková, Alica